[Event "Foment Martinenc op-C 17th"]
[Site "Barcelona"]
[Date "2015.06.06"]
[Round "7"]
[White "Casado Galcera, Francesc"]
[Black "Jurado Bayle, Pau"]
[Result "1-0"]
[WhiteElo "1715"]
[BlackElo "1753"]
[PlyCount "111"]
[EventDate "2015.04.25"]
[EventType "swiss"]
[EventRounds "9"]
[EventCountry "ESP"]
[SourceTitle "EXT 2017"]
[Source "ChessBase"]
[SourceDate "2016.10.25"]
[SourceVersion "1"]
[SourceVersionDate "2016.10.25"]
[SourceQuality "1"]

1. e4 e5 2. c4 Nc6 3. Nf3 Nf6 4. d3 Bc5 5. h3 0-0 6. Be2 Bb4+ 7. Bd2 Bxd2+ 8. Qxd2 d6 9. Nc3 Bd7 10. Nd5 Nd4 11. Nxd4 Nxd5 12. cxd5 exd4 13. 0-0 c6 14. dxc6 Bxc6 15. Qb4 Qf6 16. f3 Qe5 17. Qc4 Bb5 18. Qb4 Rac8 19. a4 Rc2 20. Rf2 Bc6 21. Bd1 Rxf2 22. Kxf2 a5 23. Qd2 Qc5 24. Rc1 Qb4 25. Qxb4 axb4 26. Rc4 b5 27. Rxb4 bxa4 28. Bxa4 Bxa4 29. Rxa4 Rc8 30. Rc4 Rb8 31. b4 Rb5 32. Rxd4 h6 33. g4 g5 34. Kg3 Rb6 35. f4 gxf4+ 36. Kxf4 Kg7 37. h4 Kg6 38. Rc4 Rb5 39. Rd4 Rb6 40. Rc4 Rb5 41. Rc6 Rxb4 42. Rxd6+ Kg7 43. Kf5 Rb5+ 44. Rd5 Rb3 45. e5 Rb2 46. Rd4 Rh2 47. h5 Rf2+ 48. Rf4 Rxf4+ 49. Kxf4 f6 50. d4 fxe5+ 51. Kxe5 Kf7 52. d5 Ke7 53. d6+ Kd7 54. Kf6 Kxd6 55. Kg6 Kd5 56. Kxh6 1-0

[Event "Foment Martinenc op-C 17th"]
[Site "Barcelona"]
[Date "2015.05.09"]
[Round "3"]
[White "Jurado Bayle, Pau"]
[Black "Labad Ameneda, Ricard"]
[Result "0-1"]
[WhiteElo "1753"]
[BlackElo "1692"]
[PlyCount "46"]
[EventDate "2015.04.25"]
[EventType "swiss"]
[EventRounds "9"]
[EventCountry "ESP"]
[SourceTitle "EXT 2017"]
[Source "ChessBase"]
[SourceDate "2016.10.25"]
[SourceVersion "1"]
[SourceVersionDate "2016.10.25"]
[SourceQuality "1"]

1. e4 c5 2. Nc3 Nc6 3. Bb5 g6 4. d3 Bg7 5. Bxc6 bxc6 6. Bf4 e5 7. Be3 Nf6 8. Qd2 Ng4 9. Bxc5 d6 10. Be3 Nxe3 11. Qxe3 0-0 12. Nf3 Be6 13. d4 exd4 14. Nxd4 Bd7 15. 0-0-0 Qb6 16. Rhe1 Rfe8 17. f3 Rab8 18. Na4 Qb4 19. b3 c5 20. Ne2 Bxa4 21. bxa4 Bb2+ 22. Kb1 Bc3+ 23. Kc1 Qb2# 0-1